000 03732nam a22004697a 4500
005 20110107160626.0
010 _aB-419385-405
020 _a9788131721032
_c399.00
035 _aB-419385-405
037 _bUBH
082 _a160
100 _aBaronett, Stan
_925253
245 _aLogic /
_cby Stan Baronett [and] Madhucchanada Sen
260 _aDelhi
_bPearson Educations
_c2009
270 _a482 FIF, Patparganj
_bDelhi
_e110092
300 _axi, 463p.
_c28cm(pbk)
500 _aIncludes glossary and index
700 _aSen, Madhucchanada
_925254
942 _2ddc
_cEN
_mBAR
999 _c35798
_d35798